| 000 | 00000nam##2200000za#4500 |
| 001 | 9.621259 |
| 003 | CaOODSP |
| 005 | 20200401035155 |
| 007 | ta |
| 008 | 150406|1991||||xxc||||| f|0| 0 fre|d |
| 040 | |aCaOODSP|bfre |
| 043 | |an-cn--- |
| 086 | 1 |aFs97-6/1808F |
| 110 | 1 |aCanada. |bMinistère des pêches et des océans. |
| 245 | 10|aSuivi environnemental de l'estuaire moyen du Saint-Laurent, 1989-1990: variabilité spatio-temporelle de la structure des communautés et des populations ichtyennes / |cpar M. Gagnon et al. |
| 260 | |aOttawa - Ontario : |bPêches et Océans Canada |c1991. |
| 300 | |a41p. : |bfigures, graphiques, références, tableaux ; |c28 cm. |
| 490 | 1 |aRapport technique canadien des sciences halieutiques et aquatiques|v1808 |
| 500 | |aPréparé à la Division de l'habitat du poisson, Direction de la gestion des pêches et de l'habitat, Ministère des Pêches et des Océans, 901, Cap Diamant, C.P. 15 500 Québec (Québec) G1K 7Y7. |
| 546 | |aAbstracts in English |
| 563 | |aCouverture souple |
| 720 | 1 |aGagnon, M. |
| 776 | 0#|tSuivi environnemental de l'estuaire moyen du Saint-Laurent, 1989-1990 : |w(CaOODSP)9.603990 |
| 830 | #0|aRapport technique canadien des sciences halieutiques et aquatiques ;|v1808|w(CaOODSP)9.513051 |